[Event "DVM U20 2021"]
[Site "Kiel GER"]
[Date "2022.07.24"]
[Round "3"]
[White "Kulkovets, Roman"]
[Black "Gallas, Noel"]
[Result "0-1"]
[Termination "normal"]
[Board "6.3"]
[WhiteElo "1374"]
[BlackElo "1905"]
[WhiteClock "01:04:32"]
[BlackClock "00:00:47"]
[WhiteTeam "Heilbronner SV"]
[BlackTeam "Schachfreunde Essen-Katernberg 04/32 e. V."]
[PlyCount "50"]
[WhiteFideId "34119272"]
[BlackFideId "16216059"]
[EventCountry "GER"]
[EventRounds "7"]
[EventType "team-swiss"]
[EventDate "2022.07.22"]

1. e4 {[%clk 01:30:40]} {[%emt 12:57:25]} e6 {[%clk 01:30:48]} 2. d4 {[%clk
01:31:03]} d5 {[%clk 01:31:11]} 3. Nd2 {[%clk 01:31:13]} c5 {[%clk 01:30:42]}
4. exd5 Qxd5 {[%clk 01:30:31]} 5. dxc5 Bxc5 {[%clk 01:29:33]} 6. Ngf3 {[%clk
01:29:20]} Nf6 {[%clk 01:25:32]} 7. Bc4 {[%clk 01:26:03]} Qc6 8. Qe2 {[%clk
01:24:38]} a6 {[%clk 01:10:09]} {[%emt 00:07:14]} 9. a4 {[%clk 01:20:45]}
{[%emt 00:04:23]} O-O {[%clk 01:06:21]} {[%emt 00:04:18]} 10. b3 {[%clk
01:20:29]} {[%emt 00:00:46]} b6 {[%clk 00:53:49]} {[%emt 00:13:03]} 11. Bb2
{[%clk 01:18:33]} {[%emt 00:02:25]} Nbd7 {[%clk 00:44:31]} {[%emt 00:09:48]}
12. O-O-O {[%clk 01:18:19]} {[%emt 00:00:45]} Bb7 {[%clk 00:25:45]} {[%emt
00:19:16]} 13. Ne5 {[%clk 01:16:58]} {[%emt 00:01:50]} Nxe5 {[%clk 00:20:17]}
{[%emt 00:05:58]} 14. Bxe5 {[%clk 01:16:46]} {[%emt 00:00:43]} Ba3+ {[%clk
00:15:55]} {[%emt 00:04:51]} 15. Kb1 {[%clk 01:17:14]} {[%emt 00:00:02]} Rfc8
{[%clk 00:10:58]} {[%emt 00:05:26]} 16. Nf3 {[%clk 01:15:21]} {[%emt 00:02:24]}
Ne4 {[%clk 00:09:07]} {[%emt 00:02:21]} 17. Rd3 {[%clk 01:12:40]} {[%emt
00:03:11]} b5 {[%clk 00:03:02]} {[%emt 00:06:35]} 18. axb5 {[%clk 01:11:55]}
{[%emt 00:01:16]} axb5 {[%clk 00:03:15]} {[%emt 00:00:17]} 19. Bxb5 {[%clk
01:11:56]} {[%emt 00:00:28]} Qb6 {[%emt 00:02:34]} 20. Rd7 {[%clk 01:11:21]}
{[%emt 00:01:04]} Ra5 {[%clk 00:00:49]} {[%emt 00:00:53]} 21. Bc4 {[%clk
01:10:40]} {[%emt 00:01:11]} Rxe5 {[%clk 00:01:05]} {[%emt 00:00:15]} 22. Qd3
{[%clk 01:04:26]} {[%emt 00:06:43]} Nc5 {[%clk 00:00:52]} {[%emt 00:00:43]} 23.
Rd6 {[%clk 01:04:23]} {[%emt 00:00:34]} Qc7 {[%clk 00:00:45]} {[%emt 00:00:36]}
24. Qd4 {[%clk 01:04:21]} {[%emt 00:00:32]} Re4 {[%clk 00:00:47]} {[%emt
00:00:28]} 25. Qd2 {[%clk 01:04:32]} {[%emt 00:00:19]} Nxb3 {[%emt 00:00:30]}
0-1

[Event "DVM U20 2021"]
[Site "Kiel GER"]
[Date "2022.07.24"]
[Round "3"]
[White "Beetz, Ole"]
[Black "Hagenmeyer, Felix"]
[Result "0-1"]
[Termination "normal"]
[Board "6.4"]
[WhiteElo "1601"]
[BlackElo "1651"]
[WhiteClock "00:46:02"]
[BlackClock "00:53:49"]
[WhiteTeam "Schachfreunde Essen-Katernberg 04/32 e. V."]
[BlackTeam "Heilbronner SV"]
[PlyCount "108"]
[WhiteFideId "34628339"]
[BlackFideId "34612572"]
[EventCountry "GER"]
[EventRounds "7"]
[EventType "team-swiss"]
[EventDate "2022.07.22"]

1. e4 {[%clk 01:30:50]} {[%emt 13:05:25]} c5 {[%clk 01:30:55]} 2. Nf3 {[%clk
01:31:11]} Nc6 {[%clk 01:31:16]} 3. d4 {[%clk 01:31:32]} cxd4 4. Nxd4 {[%clk
01:31:55]} g6 {[%clk 01:32:08]} 5. c4 {[%clk 01:32:04]} Nf6 {[%clk 01:32:34]}
6. Nc3 {[%clk 01:32:13]} d6 {[%clk 01:32:59]} 7. Be3 {[%clk 01:32:09]} Ng4
{[%clk 01:33:25]} 8. Bc1 {[%clk 01:28:32]} Qb6 {[%clk 01:33:27]} 9. f3 {[%clk
01:24:32]} Qxd4 {[%clk 01:33:01]} 10. fxg4 {[%clk 01:21:51]} Qxd1+ 11. Nxd1
{[%clk 01:20:56]} Bxg4 {[%clk 01:33:27]} 12. Ne3 {[%clk 01:19:53]} Be6 {[%clk
01:33:06]} 13. Rb1 {[%clk 01:14:18]} {[%emt 00:00:02]} Bg7 {[%clk 01:29:54]}
{[%emt 00:02:47]} 14. Nc2 {[%clk 01:11:58]} {[%emt 00:02:51]} f5 {[%clk
01:26:52]} {[%emt 00:03:31]} 15. Be2 {[%clk 01:07:47]} {[%emt 00:04:41]} O-O
{[%clk 01:25:27]} {[%emt 00:01:55]} 16. O-O {[%clk 01:06:37]} {[%emt 00:01:40]}
Nd4 {[%clk 01:24:36]} {[%emt 00:01:21]} 17. Nxd4 {[%clk 01:05:41]} {[%emt
00:01:25]} Bxd4+ {[%clk 01:24:57]} {[%emt 00:00:10]} 18. Kh1 {[%clk 01:06:07]}
{[%emt 00:00:04]} fxe4 {[%clk 01:25:18]} {[%emt 00:00:09]} 19. Bg5 {[%clk
01:05:30]} {[%emt 00:01:07]} Bf6 {[%clk 01:22:00]} {[%emt 00:03:49]} 20. Be3
{[%clk 01:04:58]} {[%emt 00:01:01]} g5 {[%clk 01:18:21]} {[%emt 00:04:09]} 21.
Rbd1 {[%clk 01:04:06]} {[%emt 00:01:22]} h6 {[%clk 01:15:37]} {[%emt 00:03:15]}
22. h3 {[%clk 01:02:53]} {[%emt 00:01:43]} b6 {[%clk 01:12:10]} {[%emt
00:03:56]} 23. b3 {[%clk 01:00:27]} {[%emt 00:02:56]} Rad8 {[%clk 01:04:40]}
{[%emt 00:08:00]} 24. g4 {[%clk 00:58:12]} {[%emt 00:02:46]} Bc8 {[%clk
01:04:01]} {[%emt 00:01:08]} 25. Kg1 {[%clk 00:56:58]} {[%emt 00:01:45]} e6
{[%clk 01:04:04]} {[%emt 00:00:26]} 26. Bd4 {[%clk 00:55:58]} {[%emt 00:01:30]}
Bxd4+ {[%clk 01:03:25]} {[%emt 00:01:10]} 27. Rxd4 {[%clk 00:56:19]} {[%emt
00:00:08]} Rxf1+ {[%clk 01:03:22]} {[%emt 00:00:33]} 28. Bxf1 {[%clk 00:56:26]}
{[%emt 00:00:23]} d5 {[%emt 00:00:46]} 29. cxd5 {[%clk 00:55:45]} {[%emt
00:01:10]} exd5 {[%clk 01:03:31]} {[%emt 00:00:06]} 30. Bg2 {[%clk 00:55:38]}
{[%emt 00:00:38]} Rd7 {[%clk 00:59:17]} {[%emt 00:04:44]} 31. Bf1 {[%clk
00:53:14]} {[%emt 00:02:54]} Bb7 {[%clk 00:58:14]} {[%emt 00:01:32]} 32. Ra4
{[%clk 00:52:49]} {[%emt 00:00:55]} a5 {[%clk 00:56:47]} {[%emt 00:01:57]} 33.
b4 {[%clk 00:52:28]} {[%emt 00:00:51]} Bc6 {[%clk 00:56:15]} {[%emt 00:01:03]}
34. b5 {[%clk 00:52:50]} {[%emt 00:00:08]} Bb7 {[%clk 00:56:41]} {[%emt
00:00:04]} 35. Kf2 {[%clk 00:51:25]} {[%emt 00:01:54]} Rf7+ {[%clk 00:53:45]}
{[%emt 00:03:25]} 36. Ke2 {[%clk 00:51:42]} {[%emt 00:00:14]} Rf3 {[%clk
00:54:01]} {[%emt 00:00:14]} 37. Rd4 {[%clk 00:51:40]} {[%emt 00:00:32]} Ra3
{[%clk 00:54:05]} {[%emt 00:00:26]} 38. Rd2 {[%clk 00:51:51]} {[%emt 00:00:19]}
Kf7 {[%clk 00:54:23]} {[%emt 00:00:13]} 39. Rc2 {[%clk 00:51:56]} {[%emt
00:00:25]} Ke6 {[%clk 00:51:13]} {[%emt 00:03:40]} 40. Rc7 {[%clk 00:51:59]}
{[%emt 00:00:26]} Rxa2+ {[%clk 00:51:37]} {[%emt 00:00:05]} 41. Ke1 {[%clk
00:50:18]} {[%emt 00:02:11]} Ba8 {[%clk 00:50:30]} {[%emt 00:01:38]} 42. Rc8
{[%clk 00:50:23]} {[%emt 00:00:25]} Ke5 {[%clk 00:49:51]} {[%emt 00:01:10]} 43.
Rxa8 {[%clk 00:50:04]} {[%emt 00:00:48]} a4 {[%clk 00:49:51]} {[%emt 00:00:29]}
44. Rb8 {[%clk 00:49:52]} {[%emt 00:00:43]} a3 {[%clk 00:50:09]} {[%emt
00:00:12]} 45. Rxb6 {[%clk 00:50:07]} {[%emt 00:00:14]} Rb2 {[%clk 00:50:34]}
{[%emt 00:00:06]} 46. Ra6 {[%clk 00:45:57]} {[%emt 00:04:39]} a2 {[%clk
00:50:58]} {[%emt 00:00:07]} 47. b6 {[%clk 00:45:25]} {[%emt 00:01:02]} Rb1+
{[%clk 00:51:22]} {[%emt 00:00:06]} 48. Kd2 {[%clk 00:45:29]} {[%emt 00:00:26]}
a1=Q {[%clk 00:51:47]} {[%emt 00:00:04]} 49. Rxa1 {[%clk 00:45:49]} {[%emt
00:00:11]} Rxa1 {[%clk 00:52:14]} {[%emt 00:00:03]} 50. b7 {[%clk 00:45:50]}
{[%emt 00:00:29]} Rb1 {[%clk 00:52:39]} {[%emt 00:00:06]} 51. Ba6 {[%emt
00:00:12]} d4 {[%clk 00:52:48]} {[%emt 00:00:19]} 52. Kc2 {[%clk 00:46:27]}
{[%emt 00:00:12]} Rb6 {[%clk 00:53:11]} {[%emt 00:00:06]} 53. Kd2 {[%clk
00:46:46]} {[%emt 00:00:12]} Kf4 {[%clk 00:53:29]} {[%emt 00:00:12]} 54. b8=N
{[%clk 00:46:02]} {[%emt 00:01:14]} Rxb8 {[%clk 00:53:49]} {[%emt 00:00:10]}
0-1

[Event "DVM U20 2021"]
[Site "Kiel GER"]
[Date "2022.07.24"]
[Round "3"]
[White "Stahl, Johannes"]
[Black "Otterpohl, Isabel"]
[Result "1-0"]
[Termination "normal"]
[Board "6.5"]
[WhiteElo "1630"]
[BlackElo "1632"]
[WhiteClock "00:18:03"]
[BlackClock "00:05:06"]
[WhiteTeam "Heilbronner SV"]
[BlackTeam "Schachfreunde Essen-Katernberg 04/32 e. V."]
[PlyCount "119"]
[WhiteFideId "34620109"]
[BlackFideId "12999180"]
[EventCountry "GER"]
[EventRounds "7"]
[EventType "team-swiss"]
[EventDate "2022.07.22"]

1. d4 {[%clk 01:30:59]} {[%emt 00:52:53]} Nf6 {[%clk 01:30:56]} 2. c4 {[%clk
01:31:25]} e6 {[%clk 01:31:20]} 3. Nc3 {[%clk 01:31:53]} d5 {[%clk 01:31:44]}
4. cxd5 {[%clk 01:32:12]} exd5 {[%clk 01:32:08]} 5. Bg5 {[%clk 01:32:36]} Be7
{[%clk 01:31:08]} 6. e3 {[%clk 01:33:02]} Bf5 {[%clk 01:29:13]} 7. Qb3 {[%clk
01:31:47]} Nbd7 {[%clk 01:21:10]} 8. Nf3 {[%clk 01:24:47]} Nb6 {[%clk
01:14:42]} {[%emt 00:02:32]} 9. a4 {[%clk 01:22:26]} {[%emt 00:02:51]} a5
{[%clk 01:12:37]} {[%emt 00:02:34]} 10. Nh4 {[%clk 01:17:07]} {[%emt 00:05:48]}
Be6 {[%clk 01:07:32]} {[%emt 00:05:35]} 11. Bd3 {[%clk 01:14:32]} {[%emt
00:03:05]} h6 {[%clk 01:06:54]} {[%emt 00:01:09]} 12. Bxf6 {[%clk 01:12:26]}
{[%emt 00:02:33]} Bxf6 {[%clk 01:07:20]} {[%emt 00:00:11]} 13. Nf3 {[%clk
01:11:37]} {[%emt 00:01:16]} O-O {[%clk 01:05:24]} {[%emt 00:02:26]} 14. Rc1
{[%clk 01:10:31]} {[%emt 00:01:34]} Rc8 {[%clk 00:52:39]} {[%emt 00:13:16]} 15.
Ne2 {[%clk 01:07:14]} {[%emt 00:03:46]} Be7 {[%clk 00:44:30]} {[%emt 00:08:41]}
16. O-O {[%clk 01:01:59]} {[%emt 00:05:45]} Bd6 {[%clk 00:28:14]} {[%emt
00:16:46]} 17. Bb1 {[%clk 00:53:31]} {[%emt 00:08:57]} Nd7 {[%clk 00:22:59]}
{[%emt 00:05:46]} 18. Rfd1 {[%clk 00:47:41]} {[%emt 00:06:18]} Nf6 {[%clk
00:22:49]} {[%emt 00:00:41]} 19. Ng3 {[%clk 00:43:44]} {[%emt 00:04:28]} b6
{[%clk 00:20:35]} {[%emt 00:02:44]} 20. Qd3 {[%clk 00:42:21]} {[%emt 00:01:52]}
g6 {[%clk 00:06:58]} {[%emt 00:14:08]} 21. h4 {[%clk 00:38:50]} {[%emt
00:04:00]} Ne4 {[%clk 00:05:46]} {[%emt 00:01:42]} 22. Nxe4 {[%clk 00:30:55]}
{[%emt 00:08:25]} dxe4 {[%clk 00:06:06]} {[%emt 00:00:11]} 23. Qxe4 {[%clk
00:29:12]} {[%emt 00:02:12]} Bf5 {[%clk 00:05:14]} {[%emt 00:01:22]} 24. Qc6
{[%clk 00:28:38]} {[%emt 00:01:04]} Bg4 {[%clk 00:03:27]} {[%emt 00:02:17]} 25.
g3 {[%clk 00:25:46]} {[%emt 00:03:21]} Qf6 {[%clk 00:03:35]} {[%emt 00:00:23]}
26. Kg2 {[%emt 00:01:42]} Rfe8 {[%clk 00:03:00]} {[%emt 00:01:02]} 27. Rd3
{[%clk 00:22:47]} {[%emt 00:02:20]} Bxf3+ {[%clk 00:02:41]} {[%emt 00:00:49]}
28. Qxf3 {[%clk 00:22:36]} {[%emt 00:00:40]} Qxf3+ {[%clk 00:03:05]} {[%emt
00:00:07]} 29. Kxf3 {[%clk 00:22:56]} {[%emt 00:00:10]} Bb4 {[%clk 00:03:01]}
{[%emt 00:00:34]} 30. Rc6 {[%clk 00:21:48]} {[%emt 00:01:38]} Red8 {[%clk
00:02:56]} {[%emt 00:00:35]} 31. e4 {[%clk 00:21:02]} {[%emt 00:01:15]} Rd6
{[%clk 00:02:57]} {[%emt 00:00:31]} 32. Rc4 {[%clk 00:19:36]} {[%emt 00:01:55]}
Bc5 {[%clk 00:02:24]} {[%emt 00:01:03]} 33. e5 {[%clk 00:16:58]} {[%emt
00:03:08]} Rd7 {[%clk 00:02:12]} {[%emt 00:00:41]} 34. Ke4 {[%clk 00:15:58]}
{[%emt 00:01:31]} Bb4 {[%clk 00:02:33]} {[%emt 00:00:09]} 35. Rc6 {[%clk
00:14:49]} {[%emt 00:01:40]} Re8 {[%clk 00:02:45]} {[%emt 00:00:17]} 36. Ba2
{[%clk 00:14:46]} {[%emt 00:00:33]} Ree7 {[%clk 00:01:41]} {[%emt 00:01:34]}
37. Rxg6+ {[%clk 00:14:41]} {[%emt 00:00:35]} Kh7 {[%clk 00:01:52]} {[%emt
00:00:19]} 38. Rf6 {[%clk 00:13:47]} {[%emt 00:01:24]} Be1 {[%clk 00:01:25]}
{[%emt 00:00:57]} 39. Rdf3 {[%clk 00:13:16]} {[%emt 00:01:01]} Kg7 {[%clk
00:01:21]} {[%emt 00:00:34]} 40. R3f5 {[%clk 00:11:13]} {[%emt 00:02:32]} Bd2
{[%clk 00:01:17]} {[%emt 00:00:35]} 41. Rc6 {[%clk 00:09:36]} {[%emt 00:02:06]}
Rd8 {[%clk 00:21:19]} {[%emt 00:10:29]} 42. Rff6 {[%clk 00:37:43]} {[%emt
00:02:23]} Rh8 {[%clk 00:21:03]} {[%emt 00:00:47]} 43. d5 {[%clk 00:35:22]}
{[%emt 00:02:50]} Bb4 {[%clk 00:16:47]} {[%emt 00:04:46]} 44. Rf3 {[%clk
00:32:56]} {[%emt 00:02:56]} Rhe8 {[%clk 00:13:35]} {[%emt 00:03:42]} 45. e6
{[%clk 00:31:40]} {[%emt 00:01:45]} fxe6 {[%clk 00:12:39]} {[%emt 00:01:26]}
46. dxe6 {[%clk 00:31:01]} {[%emt 00:01:09]} Bd6 {[%clk 00:12:32]} {[%emt
00:00:38]} 47. Kd3 {[%clk 00:27:52]} {[%emt 00:03:39]} Rd8 {[%clk 00:11:49]}
{[%emt 00:01:13]} 48. Kc2 {[%clk 00:26:06]} {[%emt 00:02:16]} Bb4 {[%clk
00:11:31]} {[%emt 00:00:48]} 49. Rd3 {[%clk 00:21:05]} {[%emt 00:05:27]} Rxd3
{[%clk 00:09:00]} {[%emt 00:03:05]} 50. Kxd3 {[%clk 00:21:05]} {[%emt
00:00:30]} Bc5 {[%clk 00:08:04]} {[%emt 00:01:25]} 51. f4 {[%clk 00:19:57]}
{[%emt 00:01:38]} Bf2 {[%clk 00:08:14]} {[%emt 00:00:20]} 52. Rc2 {[%clk
00:20:00]} {[%emt 00:00:27]} Bc5 {[%clk 00:07:44]} {[%emt 00:01:01]} 53. Ke4
{[%clk 00:18:35]} {[%emt 00:01:54]} Kf6 {[%clk 00:07:31]} {[%emt 00:00:44]} 54.
g4 {[%clk 00:18:26]} {[%emt 00:00:38]} Bd6 {[%clk 00:06:42]} {[%emt 00:01:20]}
55. g5+ {[%clk 00:17:36]} {[%emt 00:01:20]} hxg5 {[%clk 00:06:58]} {[%emt
00:00:14]} 56. hxg5+ {[%clk 00:17:39]} {[%emt 00:00:27]} Kg6 {[%clk 00:06:57]}
{[%emt 00:00:30]} 57. Rh2 {[%clk 00:18:03]} {[%emt 00:00:05]} Kg7 {[%clk
00:05:03]} {[%emt 00:02:25]} 58. f5 {[%clk 00:18:18]} {[%emt 00:00:15]} Rxe6+
{[%clk 00:04:41]} {[%emt 00:00:53]} 59. fxe6 {[%clk 00:17:49]} {[%emt
00:00:58]} Bxh2 {[%clk 00:05:06]} {[%emt 00:00:06]} 60. e7 {[%clk 00:18:03]}
{[%emt 00:00:16]} 1-0

[Event "DVM U20 2021"]
[Site "Kiel GER"]
[Date "2022.07.24"]
[Round "3"]
[White "Lüersen, Lukas"]
[Black "Lob, Niklas"]
[Result "1-0"]
[Termination "normal"]
[Board "6.6"]
[WhiteElo "1225"]
[BlackElo "1530"]
[WhiteClock "00:24:10"]
[BlackClock "00:35:49"]
[WhiteTeam "Schachfreunde Essen-Katernberg 04/32 e. V."]
[BlackTeam "Heilbronner SV"]
[PlyCount "53"]
[WhiteFideId "34628371"]
[BlackFideId "34621555"]
[EventCountry "GER"]
[EventRounds "7"]
[EventType "team-swiss"]
[EventDate "2022.07.22"]

1. e4 {[%clk 01:30:57]} {[%emt 11:52:47]} c5 {[%clk 01:30:55]} 2. Nc3 {[%clk
01:31:21]} a6 {[%clk 01:31:05]} 3. f4 {[%clk 01:31:22]} e6 {[%clk 01:30:47]} 4.
Nf3 {[%clk 01:31:02]} Nc6 {[%clk 01:29:51]} 5. g3 {[%clk 01:28:00]} d5 6. e5
{[%clk 01:25:18]} Nge7 {[%clk 01:25:48]} 7. Bg2 {[%clk 01:22:59]} Nf5 {[%clk
01:24:15]} 8. O-O Be7 {[%clk 01:22:48]} 9. d3 {[%clk 01:19:29]} {[%emt
00:00:14]} b5 {[%clk 01:16:50]} {[%emt 00:06:28]} 10. Ne2 {[%clk 01:16:28]}
{[%emt 00:03:30]} Bb7 {[%clk 01:14:37]} {[%emt 00:02:43]} 11. g4 {[%clk
01:09:57]} {[%emt 00:07:01]} Nh4 {[%clk 01:04:54]} {[%emt 00:10:14]} 12. Nxh4
{[%clk 01:09:06]} {[%emt 00:01:21]} Bxh4 {[%clk 01:05:18]} {[%emt 00:00:07]}
13. d4 {[%clk 01:07:23]} {[%emt 00:02:11]} Be7 {[%clk 01:02:40]} {[%emt
00:03:08]} 14. c3 {[%clk 01:04:35]} {[%emt 00:03:18]} Rc8 {[%clk 01:00:34]}
{[%emt 00:02:37]} 15. Be3 {[%clk 01:01:59]} {[%emt 00:03:06]} cxd4 {[%clk
00:57:06]} {[%emt 00:03:58]} 16. cxd4 {[%clk 00:59:59]} {[%emt 00:02:30]} h5
{[%clk 00:55:12]} {[%emt 00:02:23]} 17. h3 {[%clk 00:55:21]} {[%emt 00:05:08]}
hxg4 {[%clk 00:53:49]} {[%emt 00:01:54]} 18. hxg4 {[%clk 00:55:35]} {[%emt
00:00:15]} Nb4 {[%clk 00:47:40]} {[%emt 00:06:39]} 19. Nc3 {[%clk 00:51:55]}
{[%emt 00:04:10]} Kd7 {[%clk 00:40:29]} {[%emt 00:07:42]} 20. a3 {[%clk
00:45:14]} {[%emt 00:07:10]} Nc6 {[%clk 00:40:50]} {[%emt 00:00:09]} 21. f5
{[%clk 00:44:04]} {[%emt 00:01:40]} Bg5 {[%clk 00:38:33]} {[%emt 00:02:47]} 22.
fxe6+ {[%clk 00:37:46]} {[%emt 00:06:48]} Kxe6 {[%clk 00:38:33]} 23. Bxg5
{[%clk 00:35:47]} {[%emt 00:02:59]} Qxg5 {[%clk 00:38:42]} 24. Bxd5+ {[%clk
00:33:40]} {[%emt 00:02:57]} Kd7 {[%clk 00:37:26]} {[%emt 00:01:48]} 25. Rxf7+
{[%clk 00:30:54]} {[%emt 00:03:15]} Ne7 {[%clk 00:36:22]} {[%emt 00:01:34]} 26.
Bxb7 {[%clk 00:25:54]} {[%emt 00:05:30]} Qe3+ {[%clk 00:35:49]} {[%emt
00:01:04]} 27. Kf1 {[%clk 00:24:10]} {[%emt 00:02:13]} 1-0